000 00646nam a2200229Ia 4500
003 OSt
005 20220926000209.0
006 a|||||r|||| 00| 0
007 ta
008 220923b |||||||| |||| 00| 0 eng d
037 _cGeneral Book
040 _aRTL
_cRTL
_beng
041 _2eng
_aeng
082 _aYjN22D, N3
100 _aAtal Yogesh Ed.
245 0 _aUnderstanding Indian society
_b Festschrift in hon
260 _a New Delhi
_bHar Anand Publications
_c1993
300 _a584p
_ccm.
500 _aBibliography P 578-584
942 _hYjN22D, N3
_cGB
_2CC
999 _c598597
_d598597